Библиография Победы

“Убежден: опыт солидарности, партнерства в годы борьбы с общей угрозой — это наше бесценное наследие, прочная опора именно сейчас, когда набирает силу необратимое движение к более справедливому многополярному миру, основанному на принципах доверия и неделимой безопасности, равных возможностей для самобытного и свободного развития всех стран и народов.”

В.В. Путин

Спектакли Ленинградского Государственного театра музыкальной комедии (Запись № 16761)

Подробности
000 -МАРКЕР
контрольное поле 04368nam0a2200481 4500
001 - ИДЕНТИФИКАТОР ЗАПИСИ
контрольное поле RU\NLR\BIBL_A\012003676
005 - ИДЕНТИФИКАТОР ВЕРСИИ
контрольное поле 20250809113146.0
020 ## - НОМЕР ДОКУМЕНТА В НАЦИОНАЛЬНОЙ БИБЛИОГРАФИИ
Код страны российская федерация
Основное заглавие издания Российской книжной палаты Ленинград в Великой Отечественной войне. Коллекция. Афиши
035 ## - ДРУГИЕ СИСТЕМНЫЕ НОМЕРА
Идентификатор записи (NLR Aleph) 012003676
100 ## - ДАННЫЕ ОБЩЕЙ ОБРАБОТКИ
Данные общей обработки 20190424d1944 u y0rusy50 ca
101 0# - ЯЗЫК РЕСУРСА
Язык текста, звукозаписи и т.д. русский
102 ## - СТРАНА ПУБЛИКАЦИИ ИЛИ ПРОИЗВОДСТВА
Страна публикации российская федерация
105 ## - ПОЛЕ КОДИРОВАННЫХ ДАННЫХ: ТЕКСТОВЫЕ МАТЕРИАЛЫ, МОНОГРАФИЧЕСКИЕ
Кодированные данные о монографическом текстовом документе y z 000zy
135 ## - ПОЛЕ КОДИРОВАННЫХ ДАННЫХ: ЭЛЕКТРОННЫЕ РЕСУРСЫ
Кодированные данные для электронного ресурса crcn 024anaba
200 1# - ЗАГЛАВИЕ И СВЕДЕНИЯ ОБ ОТВЕТСТВЕННОСТИ
Основное заглавие Спектакли Ленинградского Государственного театра музыкальной комедии
Сведения, относящиеся к заглавию [афиша]
Первые сведения об ответственности Управление по делам искусств Исполкома Ленгорсовета, Центральный парк культуры и отдыха им. С. М. Кирова (Большой летний театр)
210 ## - ПУБЛИКАЦИЯ, РАСПРОСТРАНЕНИЕ И ДР.
Место издания, распространения и т.д. [Ленинград]
Имя издателя, распространителя и т. д. ЛТ УН-9
Дата издания, распространения и т.д. [1944]
215 ## - ФИЗИЧЕСКАЯ ХАРАКТЕРИСТИКА
Специфическое обозначение материала и объем 1 л.
Размеры 49х71
300 ## - ОБЩИЕ ПРИМЕЧАНИЯ
Текст примечания Начало спектаклей в 7 час. 30 мин. вечера. Билеты продаются ежедневно (кроме понедельника) с 5 ч. дня до 8 ч. вечера в кассе при входе в парк (у 2-го Елагина моста). Предварительная продажа производится с 11 ч. утра до 4 ч. дня - Невский, 42. После начала вход в зрительный зал не допускается
300 ## - ОБЩИЕ ПРИМЕЧАНИЯ
Текст примечания Зак. 1863
325 ## - ПРИМЕЧАНИЕ О КОПИИ
Текст примечания Копия доступна в Электрон. б-ке РНБ
327 1# - ПРИМЕЧАНИЯ О СОДЕРЖАНИИ
Текст примечания В Субботу, 5 августа. Продавец птиц: музыкальная комедия в 3 действиях, музыка Целлера, текст Вальяно. Постановка - Г. М. Полячек, художники - Ф. И. Кузьмин и А. Д. Кетов, балетмейстер - К. Ф. Боярский, дирижер - М. П. Воловац. Солисты балета: А. А. Анкудинова, М. В. Снежина, Т. М. Бершадская [и др.]. Ведет спектакль В. Н. Климантов-Нанский. С указанием действующих лиц. В Воскресенье, 6 августа. Летучая мышь: музыкальная комедия в 3-х действиях, музыка Штрауса, текст М. О. Янковского. Постановка - Н. Я. Янет, художник - М. А. Григорьев, дирижер Г. В. - Фурман, балетмейстеры: Н. В. Пельцер, Л. Д. Бейзельман и Б. Фенстер. Солисты балета: Н. В. Пельцер, Л. М. Лидина, Л. Д. Бейзельман [и др.]. Ведет спектакль В. Н. Климантов-Нанский. С указанием действующих лиц
606 1# - НАИМЕНОВАНИЕ ТЕМЫ КАК ПРЕДМЕТ
Наименование темы Театральная жизнь
Географический подзаголовок Ленинград, город
Хронологический подзаголовок 1941 - 1944
Формальный подзаголовок Афиши
Код системы nlr_sh2
Идентификатор авторитетной/нормативной записи RU\NLR\AUTH\6601649837
686 ## - ИНДЕКСЫ ДРУГИХ КЛАССИФИКАЦИЙ
Индекс Щ333(2Р=Рус)7-692Ленинград
710 02 - НАИМЕНОВАНИЕ ОРГАНИЗАЦИИ - ПЕРВИЧНАЯ ОТВЕТСТВЕННОСТЬ
Начальный элемент ввода Ленинградский театр музыкальной комедии
Идентификатор авторитетной/нормативной записи RU\NLR\AUTH\889923122
712 02 - НАИМЕНОВАНИЕ ОРГАНИЗАЦИИ - ВТОРИЧНАЯ ОТВЕТСТВЕННОСТЬ
Начальный элемент ввода Центральный парк культуры и отдыха им. Кирова
Идентифицирующий признак Ленинград
Структурное подразделение Большой летний театр
Идентификатор авторитетной/нормативной записи RU\NLR\AUTH\880496055
Код отношения Прочие
852 ## - МЕСТОНАХОЖДЕНИЕ И ШИФР ХРАНЕНИЯ
Идентификатор организации NLR
Шифр хранения (Call Number) Л3-330а/3/2/[1944]-авг.(2)
856 #0 - МЕСТОНАХОЖДЕНИЕ ЭЛЕКТРОННЫХ РЕСУРОВ И ДОСТУП К НИМ
Универсальный идентификатор ресурса (Uniform Resource Identifier) http://vivaldi.nlr.ru/la700000803/view
856 #1 - МЕСТОНАХОЖДЕНИЕ ЭЛЕКТРОННЫХ РЕСУРОВ И ДОСТУП К НИМ
Универсальный идентификатор ресурса (Uniform Resource Identifier) http://vivaldi.nlr.ru/la700000803/cover
856 #2 - МЕСТОНАХОЖДЕНИЕ ЭЛЕКТРОННЫХ РЕСУРОВ И ДОСТУП К НИМ
Универсальный идентификатор ресурса (Uniform Resource Identifier) http://vivaldi.nlr.ru/la700000803/text
942 ## - ДОПОЛНИТЕЛЬНЫЕ ЭЛЕМЕНТЫ ЗАПИСИ (АБИС)
Тип экземпляра АБИС Визуальный материал
945 ## - Информацию об издании предоставили:
Полное название организации, предоставившей материал Российская национальная библиотека
980 ## - КОЛЛЕКЦИЯ
Название коллекции Национальная библиография
980 ## - КОЛЛЕКЦИЯ
Название коллекции Библиография Победы
980 3# - КОЛЛЕКЦИЯ
Название коллекции КП2019 Ленинград в Великой Отечественной войне
980 3# - КОЛЛЕКЦИЯ
Название коллекции Книжные памятники РНБ
981 37 - КОЛЛЕКЦИЯ ЭЛЕКТРОННОЙ БИБЛИОТЕКИ
Название коллекции Ленинград в Великой Отечественной войне
Название подколлекции Афиши блокадного Ленинграда

Нет доступных экземпляров.